| 000 | 01055nac a22002411u 4500 | ||
|---|---|---|---|
| 008 | 090408t xxu||||| |||| 00| 0 eng d | ||
| 010 | _a2005045906 | ||
| 020 | _a0137129912 | ||
| 020 | _a9780137129911 | ||
| 035 | _a(OCoLC)ocm58604877 | ||
| 082 | 0 | 0 |
_a658.302 _bROB |
| 100 |
_aRobbins, Stephen P., _93346 |
||
| 245 | 1 | 0 |
_aTraining in interpersonal skills : _bTIPS for managing people at work / _cStephen P. Robbins, Phillip L. Hunsaker. |
| 250 |
_a5th ed. _bPearson international edition. |
||
| 260 |
_aUpper Saddle River, N.J. : _bPearson/Prentice Hall, _cc2009. |
||
| 300 |
_axxviii, 400 p. : _c24 cm. |
||
| 504 | _aIncludes bibliographical references and index. | ||
| 650 | 0 |
_aSupervision of employees. _93347 |
|
| 650 | 0 |
_aInterpersonal communication. _93348 |
|
| 700 | 1 |
_aHunsaker, Phillip L. _93349 |
|
| 942 |
_cBB _k658.302ROB _2ddc |
||
| 999 |
_c11225 _d11225 |
||